000 00508nam a2200157Ia 4500
008 160316s2009 xxu||||| |||| 00| 0 eng d
082 _a344.042330
_bKAT
100 _aKataria R P
245 _aNarcotic drugs and psychotropic substances in India
250 _a2nd
260 _aNew Delhi
_bOrient Publishing Company
_c2009
300 _a1642p
_b
_cli
365 _b Rs. 1,250
650 _a1.Narcotic Drugs - Psychotropic Substances Act -1985 2 Illicit Traffic - Drugs - Prevention Act 1988
700 _a
_a
999 _c32038
_d32038